| 000 | 00985nam0a22002891 4500 | ||
|---|---|---|---|
| 001 | v19\rc\1624198 | ||
| 005 | 20250618202503.0 | ||
| 035 | _a(NLR Aleph) 004693639 | ||
| 090 |
_a3969129 _c3969129 |
||
| 100 | _a20061002d1905 |||y0rusy50 ca | ||
| 101 | 0 |
_arus _afre |
|
| 102 | _aRU | ||
| 105 | _ay e ||||| | ||
| 200 | 1 |
_aФранцузско-русский карманный словарь _fСост. Е. Яковлев |
|
| 205 | _a10-е изд., 45000-50000 | ||
| 210 |
_aСанкт-Петербург [и др.] _cЮжно-рус. кн-во Ф.А. Иогансон _d1905 |
||
| 215 |
_a[2], 773 с. _d12 |
||
| 225 | 1 | _aКоллекция карманных словарей | |
| 316 |
_aЭкземпляр РНБ (38.28.6.6): утрачен _5NLR: 38.28.6.6 |
||
| 700 | 1 |
_aЯковлев _bЕ. _4220 |
|
| 801 | 0 |
_aRU _bNLR _gpsbo |
|
| 801 | 0 |
_aRU _bRuMoRGB _2psbo |
|
| 801 | 1 |
_aRU _bProSoft-M _2rusmarc |
|
| 852 |
_aNLR _j38.28.6.6 |
||
| 899 | _aБАН | ||
| 942 | _cBOOK | ||
| 980 | _aNB | ||